LEADER 05362nam 2200661Ia 450 001 9910139963403321 005 20170815105935.0 010 $a1-282-34947-3 010 $a9786612349478 010 $a0-470-74469-3 010 $a0-470-74468-5 035 $a(CKB)1000000000822242 035 $a(EBL)470355 035 $a(OCoLC)352790036 035 $a(SSID)ssj0000290069 035 $a(PQKBManifestationID)11911091 035 $a(PQKBTitleCode)TC0000290069 035 $a(PQKBWorkID)10404898 035 $a(PQKB)11181513 035 $a(MiAaPQ)EBC470355 035 $a(PPN)243300158 035 $a(EXLCZ)991000000000822242 100 $a20081231d2009 uy 0 101 0 $aeng 135 $aur|n|---||||| 181 $ctxt 182 $cc 183 $acr 200 10$aBiomedical applications of electroactive polymer actuators$b[electronic resource] /$fFederico Carpi, Elisabeth Smela 210 $aChichester, West Sussex ;$aHoboken $cJohn Wiley & Sons$d2009 215 $a1 online resource (506 p.) 300 $aDescription based upon print version of record. 311 $a0-470-77305-7 320 $aIncludes bibliographical references and index. 327 $aBiomedical Applications of Electroactive Polymer Actuators; Contents; Preface; List of Contributors; Introduction; SECTION I POLYMER GELS; 1 Polymer Gel Actuators: Fundamentals; 1.1 Introduction and Historical Overview; 1.2 Properties of Gels; 1.2.1 Biological Gels; 1.2.2 Mechanical Properties of Simple, Single-Phase Gels; 1.2.3 Elastic Moduli; 1.2.4 Strength; 1.2.5 Multi-Phase Gels; 1.2.6 Double Network Gels; 1.2.7 Transport Properties; 1.2.8 Drying; 1.3 Chemical and Physical Formation of Gels; 1.4 Actuation Methods; 1.4.1 Thermally Driven Gel Actuators 327 $a1.4.2 Chemically Driven Gel Actuators1.4.3 Gels Driven by Oscillating Reactions; 1.4.4 Light Actuated Gels; 1.4.5 Electrically Driven Gel Actuators; 1.4.6 Electro- and Magneto-Rheological Composites; 1.4.7 LC Elastomers; 1.5 Performance of Gels as Actuators; 1.6 Applications of Electroactive Gels; 1.6.1 Gel Valves and Pumps; 1.6.2 Light Modulators; 1.6.3 Gel Drug Delivery; 1.6.4 Gel Sensors; 1.7 Conclusions; References; 2 Bio-Responsive Hydrogels for Biomedical Applications; 2.1 Introduction; 2.2 Chemical Hydrogels; 2.3 Physical Hydrogels; 2.4 Defining Bio-Responsive Hydrogels 327 $a2.5 Bio-Responsive Chemical Hydrogels2.5.1 Actuation Based on Changing the Cross-Linking Density; 2.5.2 Actuation Based on Changes in Electrostatic Interactions; 2.5.3 Actuation Based on Conformational Changes; 2.6 Bio-Responsive Physical Hydrogels; 2.6.1 Enzyme-Responsive Physical Hydrogels; 2.7 Electroactive Chemical Hydrogels; 2.8 Conclusion; References; 3 Stimuli-Responsive and 'Active' Polymers in Drug Delivery; 3.1 Introduction; 3.2 Drug Delivery: Examples, Challenges and Opportunities for Polymers; 3.2.1 Oral Drug Delivery Systems; 3.2.2 Parenteral Drug Delivery 327 $a3.2.3 Topical and Transdermal Drug Delivery3.2.4 Delivery Challenges for Biomolecular Drugs and Cell Therapeutics; 3.2.5 Peptides and Proteins; 3.2.6 Nucleic Acids; 3.2.7 Cell Delivery; 3.3 Emerging State-of-the-Art Mechanisms in Polymer Controlled Release Systems; 3.3.1 Technologies for Controlled Drug Release; 3.3.2 Polymer-Drug Conjugates; 3.3.3 Polymer-Protein Conjugates; 3.3.4 Polymer-Nucleic Acid Conjugates; 3.3.5 Polymer-Nucleic Acid Complexes; 3.4 Responsive or 'Smart' Polymers in Drug Delivery; 3.4.1 Soluble Smart Polymers; 3.4.2 Responsive Polymer-Drug Conjugates 327 $a3.4.3 Responsive Polymer-Protein Conjugates3.4.4 Responsive Polymers for DNA Delivery; 3.5 Recent Highlights of Actuated Polymers for Drug Delivery Applications; 3.6 Conclusions and Future Outlook; References; 4 Thermally Driven Hydrogel Actuator for Controllable Flow Rate Pump in Long-Term Drug Delivery; 4.1 Introduction; 4.2 Materials and Methods; 4.3 Hydrogel Actuator; 4.3.1 Thermo-Mechanical Gel Dynamics; 4.3.2 Experimental Results; 4.4 Pump Functioning; 4.5 Conclusion; References; SECTION II IONIC POLYMER-METAL COMPOSITES (IPMC); 5 IPMC Actuators: Fundamentals; 5.1 Introduction 327 $a5.2 Fabrication 330 $aGiving fundamental information on one of the most promising families of smart materials, electroactive polymers (EAP) this exciting new titles focuses on the several biomedical applications made possible by these types of materials and their related actuation technologies. Each chapter provides a description of the specific EAP material and device configuration used, material processing, device assembling and testing, along with a description of the biomedical application. Edited by well-respected academics in the field of electroactive polymers with contributions from renowned international 606 $aPolymers in medicine 606 $aConducting polymers 606 $aActuators 615 0$aPolymers in medicine. 615 0$aConducting polymers. 615 0$aActuators. 676 $a610.28/4 676 $a610.284 700 $aCarpi$b Federico$f1975-$0973839 701 $aSmela$b Elisabeth$0973840 801 0$bMiAaPQ 801 1$bMiAaPQ 801 2$bMiAaPQ 906 $aBOOK 912 $a9910139963403321 996 $aBiomedical applications of electroactive polymer actuators$92216379 997 $aUNINA LEADER 06384nam 22007695 450 001 996465654803316 005 20200701031301.0 010 $a3-319-47096-5 024 7 $a10.1007/978-3-319-47096-2 035 $a(CKB)3710000000912775 035 $a(DE-He213)978-3-319-47096-2 035 $a(MiAaPQ)EBC6302456 035 $a(MiAaPQ)EBC5579307 035 $a(Au-PeEL)EBL5579307 035 $a(OCoLC)962024941 035 $a(PPN)196323193 035 $a(EXLCZ)993710000000912775 100 $a20160928d2016 u| 0 101 0 $aeng 135 $aurnn#008mamaa 181 $ctxt$2rdacontent 182 $cc$2rdamedia 183 $acr$2rdacarrier 200 10$aCase-Based Reasoning Research and Development$b[electronic resource] $e24th International Conference, ICCBR 2016, Atlanta, GA, USA, October 31 - November 2, 2016, Proceedings /$fedited by Ashok Goel, M Belén Díaz-Agudo, Thomas Roth-Berghofer 205 $a1st ed. 2016. 210 1$aCham :$cSpringer International Publishing :$cImprint: Springer,$d2016. 215 $a1 online resource (XI, 446 p. 123 illus.) 225 1 $aLecture Notes in Artificial Intelligence ;$v9969 311 $a3-319-47095-7 327 $aSearching Museum Routes using CBR,- Comparative Evaluation of Rule-Based and Case-Based Retrieval Coordination for Search of Architectural Building Designs,- Case Representation and Similarity Assessment in the selfBACK Decision Support System,- Accessibility-driven cooking system,- Inferring Users' Critiquing Feedback on Recommendations from Eye Movements -- Eager to be lazy: Towards a Complexity-guided Textual Case-Based Reasoning System -- Personalized Opinion-based Recommendation -- Concept Discovery and Argument Bundles in the Experience Web -- Incorporating Transparency During Trust-Guided Behavior Adaptation -- Inferring Student Coding Goals Using Abstract Syntax Trees -- Combining CBR and Deep Learning to Generate Surprising Recipe Designs -- Qualitative Case-based Reasoning for Humanoid Robot Soccer: a new retrieval and reuse algorithm -- Ensemble of Adaptations for Classification: Learning Adaptation Rules for Categorical features -- Similarity Metrics from Social Network Analysis for Content Recommender Systems -- Analogical Transfer in RDFS, Application to Cocktail Name Adaptation -- Adaptation-Guided Feature Deletion: Testing Recoverability to Guide Case Compression -- Applicability of Case-based Reasoning for Selection of Cyanide-free Gold Leaching Methods -- Competence Guided Casebase Maintenance for Compositional Adaptation Applications -- On the Transferability of Process-oriented Cases -- Case Completion of Workows for Process-Oriented Case-Based Reasoning -- Refinement-based Similarity Measures for Directed Labeled Graphs -- FEATURE-TAK - Framework for Extraction, Analysis, and Transformation of Unstructured Textual Aircraft Knowledge -- Knowledge Extraction and Annotation for Cross-Domain Textual Case Based Reasoning in Biologically Inspired Design -- Predicting the Electricity Consumption of Buildings: An Improved CBR Approach -- Case Representation and Retrieval Techniques for Neuroanatomical Connectivity Extraction from PubMed -- Compositional Adaptation of Explanations in Textual Case-based Reasoning -- Relevance Matrix Generation using Sensitivity Analysis in a Case-Based Reasoning Environment -- Combining Case-Based Reasoning and Reinforcement Learning for Tactical Unit Selection in Real-Time Strategy Game AI. 330 $aThis book constitutes the refereed proceedings of the 24th International Conference on Case-Based Reasoning Research and Development, ICCBR 2016, held in Atlanta, GA, USA, in October/November 2016. The 14 revised full papers presented were carefully reviewed and selected from 44 submissions. The papers cover a wide range of CBR topics that are of interest both to researchers and practitioners from foundations of Case-Based Reasoning; over CBR systems for specific tasks and related fields; up to CBR systems, applications and lessons learned in specific areas of expertise such as health; e-science; finance; energy, logistics, traffic; game/AI; cooking; diagnosis, technical support; as well as knowledge and experience management. 410 0$aLecture Notes in Artificial Intelligence ;$v9969 606 $aArtificial intelligence 606 $aInformation storage and retrieval 606 $aData mining 606 $aApplication software 606 $aUser interfaces (Computer systems) 606 $aComputer communication systems 606 $aArtificial Intelligence$3https://scigraph.springernature.com/ontologies/product-market-codes/I21000 606 $aInformation Storage and Retrieval$3https://scigraph.springernature.com/ontologies/product-market-codes/I18032 606 $aData Mining and Knowledge Discovery$3https://scigraph.springernature.com/ontologies/product-market-codes/I18030 606 $aInformation Systems Applications (incl. Internet)$3https://scigraph.springernature.com/ontologies/product-market-codes/I18040 606 $aUser Interfaces and Human Computer Interaction$3https://scigraph.springernature.com/ontologies/product-market-codes/I18067 606 $aComputer Communication Networks$3https://scigraph.springernature.com/ontologies/product-market-codes/I13022 615 0$aArtificial intelligence. 615 0$aInformation storage and retrieval. 615 0$aData mining. 615 0$aApplication software. 615 0$aUser interfaces (Computer systems). 615 0$aComputer communication systems. 615 14$aArtificial Intelligence. 615 24$aInformation Storage and Retrieval. 615 24$aData Mining and Knowledge Discovery. 615 24$aInformation Systems Applications (incl. Internet). 615 24$aUser Interfaces and Human Computer Interaction. 615 24$aComputer Communication Networks. 676 $a153.43 702 $aGoel$b Ashok$4edt$4http://id.loc.gov/vocabulary/relators/edt 702 $aDíaz-Agudo$b M Belén$4edt$4http://id.loc.gov/vocabulary/relators/edt 702 $aRoth-Berghofer$b Thomas$4edt$4http://id.loc.gov/vocabulary/relators/edt 801 0$bMiAaPQ 801 1$bMiAaPQ 801 2$bMiAaPQ 906 $aBOOK 912 $a996465654803316 996 $aCase-Based Reasoning Research and Development$9771966 997 $aUNISA